MARC

LEADER 00000nam0a2200000 4500
001 248667
005 20231101232417.0
010 |a 0135864542 
035 |a (RuTPU)RU\TPU\book\270532 
090 |a 248667 
100 |a 20140124d1986 k y0engy50 ba 
101 0 |a eng 
102 |a GB 
105 |a y z 001zy 
200 1 |a A Model Implementation of Standard Pascal  |f J. Welsh, A. Hay 
210 |a London  |c Prentice Hall International  |d 1986 
215 |a 483 p. 
320 |a Appendix: p. 476-483. 
606 1 |a Программирование  |2 stltpush  |3 (RuTPU)RU\TPU\subj\51780  |9 70345 
610 1 |a языки программирования 
610 1 |a Паскаль 
610 1 |a компиляторы 
610 1 |a генераторы 
610 1 |a диагностика 
610 1 |a программы 
610 1 |a английский язык 
675 |a 681.3.06  |v 3 
700 1 |a Welsh  |b J.  |g Jim 
701 1 |a Hay  |b A.  |g Antholl 
801 1 |a RU  |b 63413507  |c 20140124 
801 2 |a RU  |b 63413507  |c 20141030  |g RCR 
942 |c BK